MANAGEMENT CONTROL SYSTEMS (Record no. 7558)

MARC details
000 -LEADER
fixed length control field 00344nam a2200133Ia 4500
008 - FIXED-LENGTH DATA ELEMENTS--GENERAL INFORMATION
fixed length control field 240624s9999 xx 000 0 und d
041 ## - LANGUAGE CODE
Language code of text/sound track or separate title eng
082 ## - DEWEY DECIMAL CLASSIFICATION NUMBER
Classification number 658.401 GHO
100 ## - MAIN ENTRY--PERSONAL NAME
Personal name GHOSH N
245 ## - TITLE STATEMENT
Title MANAGEMENT CONTROL SYSTEMS
260 ## - PUBLICATION, DISTRIBUTION, ETC.
Date of publication, distribution, etc. 2006
Place of publication, distribution, etc. New Delhi
Name of publisher, distributor, etc. Prentice-Hall of India
300 ## - PHYSICAL DESCRIPTION
Extent xvii, : 233 : p. : cm. ; 23
365 ## - TRADE PRICE
Currency code RS
Price amount 36
Holdings
Withdrawn status Lost status Damaged status Not for loan Home library Current library Shelving location Date acquired Source of acquisition Cost, normal purchase price Full call number Barcode Date last seen Copy number Price effective from Koha item type
        IMTN IMTN Rack 28-A 11/30/2007 BU 195.00 658.401 GHO 7558 06/24/2024 1 06/24/2024 Books
Designed & Maintained by: LRC IMT Nagpur Contact: lrc@imtnag.ac.in© 2024. All Rights Reserved.